Liverpool or Chelsea - Statistics

General Stats
  • This quiz has been taken 225 times
  • The average score is 13 of 15
Answer Stats
Question Answer % Correct
Thiago Silva Chelsea
100%
Fernando Torres Both
97%
Christian Pulisic Chelsea
97%
John Terry Chelsea
97%
Kevin De Bruyne Chelsea
97%
Adrian Liverpool
97%
Ben Chilwell Chelsea
95%
Mohammed Salah Both
92%
Peter Crouch Liverpool
92%
Andriy Voronin Liverpool
76%
Jay Spearing Liverpool
73%
Yossi Benayoun Both
70%
Nicolas Anelka Both
68%
Adam Lewis Liverpool
65%
Joe Cole Both
62%
No matching quizzes found
Score Distribution
Percent of People with Each Score
Percentile by Number Answered
Your Score History
You have not taken this quiz